राजस्थानी कहावतों का संसार: (Record no. 204739)
[ view plain ]
| 000 -LEADER | |
|---|---|
| fixed length control field | 00885nam a22001937a 4500 |
| 005 - DATE AND TIME OF LATEST TRANSACTION | |
| control field | 20240806120803.0 |
| 010 ## - LCCN (DPL NO) | |
| LC control number | HIN-128131 |
| 020 ## - INTERNATIONAL STANDARD BOOK NUMBER | |
| Terms of availability | 1100.00 |
| International Standard Book Number | 9788190389457 |
| 035 ## - SYSTEM CONTROL NUMBER | |
| System control number | HN-100477 |
| 037 ## - SOURCE OF ACQUISITION | |
| Source of stock number/acquisition | DBAD |
| 082 ## - DEWEY DECIMAL CLASSIFICATION NUMBER | |
| Classification number | 398.95442 |
| 100 ## - MAIN ENTRY--PERSONAL NAME | |
| Personal name | केडिया राजेन्द्र |
| 245 ## - TITLE STATEMENT | |
| Title | राजस्थानी कहावतों का संसार: |
| Remainder of title | जाति , पेशे और जनजातियाँ/ |
| Statement of responsibility, etc | राजेंद्र केडिया |
| 250 ## - EDITION STATEMENT | |
| Edition statement | 1 |
| 260 ## - PUBLICATION, DISTRIBUTION, ETC. (IMPRINT) | |
| Place of publication, distribution, etc | कोलकाता |
| Name of publisher, distributor, etc | वृंदा प्रकाशन |
| Date of publication, distribution, etc | 2023 |
| 270 ## - ADDRESS | |
| Address | 16, बी, नूरमल लोहिया लेन, कोलकाता |
| City | कोलकाता |
| Postal code | 700007 |
| 300 ## - PHYSICAL DESCRIPTION | |
| Extent | 667पृष्ठ.; |
| Dimensions | 22सेमी (सजिल्द) |
| 942 ## - ADDED ENTRY ELEMENTS (KOHA) | |
| Source of classification or shelving scheme | Dewey Decimal Classification |
| Item type | Hindi Books |
| Classification part | 398.95442 |
| Call number suffix | केडिया |
| Withdrawn status | Lost status | Not for loan | Collection code | Home library | Current library | Date acquired | Source of acquisition | Cost, normal purchase price | Full call number | Barcode | Copy number | Cost, replacement price | Koha item type |
|---|---|---|---|---|---|---|---|---|---|---|---|---|---|
| Non-fiction | Narela | Narela | 02/08/2024 | DBAD | 1100.00 | 398.95442 केडिया | HN-100477 | 1 | 1100.00 | Hindi Books |
